000
00240nam a22001097a 4500
082
_a
303.482 COL'T
100
_a
COLTON, JOEL
_9
76866
245
_a
TWENTIETH CENTURY
260
_a
NEDER LAN
_b
TIME LIFE
_c
1970
300
_a
176P
942
_c
BK
999
_c
582176
_d
582176